| 000 | 01201ata a2200373 4500 | ||
|---|---|---|---|
| 005 | 20161021142911.0 | ||
| 008 | 150519b xxu||||| |||| 00| 0 spa d | ||
| 041 | _aspa | ||
| 082 | _a382.097.286 L579e | ||
| 100 |
_aLeón Sáenz, Jorge _928586 |
||
| 245 | _aEvolución del comercio exterior y del transporte marítimo de Costa Rica: 1821-1900 | ||
| 260 | _aCosta Rica | ||
| 260 | _bUniversidad de Costa Rica | ||
| 260 | _c2003 | ||
| 300 | _a380 páginas | ||
| 650 |
_aCOSTA RICA _928587 |
||
| 650 |
_aCOMERCIO EXTERIOR _99355 |
||
| 650 |
_aCONDICIONES ECONÓMICAS _91457 |
||
| 650 |
_aTRANSPORTE ACUÁTICO _921792 |
||
| 650 |
_aSIGLO XIX _916890 |
||
| 650 |
_aTRANSPORTE MARÍTIMO _918447 |
||
| 650 |
_aEVOLUCIÓN DEL COMERCIO _928588 |
||
| 650 |
_aCOMERCIO MARÍTIMO _928589 |
||
| 650 |
_aORÍGENES DEL COMERCIO EXTERNO _928590 |
||
| 650 |
_aCAFÉ _97708 |
||
| 650 |
_aINFRAESTRUCTURA _93964 |
||
| 650 |
_aEMPRESARIOS MARINOS _928591 |
||
| 650 |
_aDESARROLLO TECNOLÓGICO _928592 |
||
| 650 |
_aDIRECCIÓN DEL TRÁFICO MARÍTIMO _928593 |
||
| 650 |
_aCONDICIONES DE NAVEGACIÓN _928594 |
||
| 650 |
_aECONOMÍA NACIONAL _923879 |
||
| 650 |
_aRUTAS MARÍTIMAS _928595 |
||
| 942 | _cBK | ||
| 999 |
_c5768 _d5768 |
||